00740nam a2200193 a 450000100100000000500170001000800410002702000180006804000250008608200080011110000270011924501210014626000650026730000200033249000310035283000380038395201080042199900170052900003965220201002033648.0130715s2007 uy 000 0 spa d a9789974550322 aDO-SdBNPbspacBNPHU axxx1 aRemedi, Gustavo96584014aLos demonios de Ariel :bFuentes del imaginario popular uruguayo en la primera mitad del siglo xx /cGustavo Remedi. aMontevideo, Uruguay :bEdiciones Biblioteca Nacional,c2007. a57 p. ;c24 cm.1 aCuadernos de literaturav3 0aCuadernos de literaturav3965841 001050718MOaGRbGRcCTd2013-07-15iLF1l0oxxx p39652-10r2020-06-25w2020-06-25y1ZNo se presta c39142d39142